Estado y régimen en Latinoamérica /
El documento consiste en la recopilación de trabajos en torno a la política de América Latina, con respecto a las manifestaciones de la resistencia popular y por la multidireccional política de los Estados Unidos.
Sparad:
| Huvudupphovsman: | |
|---|---|
| Materialtyp: | Bok |
| Språk: | Spanish |
| Publicerad: |
Madrid, SP
Editorial Revolución
1987
|
| Ämnen: | |
| Taggar: |
Lägg till en tagg
Inga taggar, Lägg till första taggen!
|
MARC
| LEADER | 00000nam a22000007a 4500 | ||
|---|---|---|---|
| 003 | cru CIDCACS/IIS | ||
| 005 | 20230704080931.0 | ||
| 008 | 170224b1987 sp d|||| ||||||0| ||spa d | ||
| 020 | |a 8485781643 | ||
| 040 | |c cru CIDCACS/IIS | ||
| 090 | |a 04.03.01 P493e | ||
| 100 | 1 | |9 265 |a Petras, James |d 1937- | |
| 245 | |a Estado y régimen en Latinoamérica / |c James Petras | ||
| 260 | |a Madrid, SP |b Editorial Revolución |c 1987 | ||
| 300 | |a 163 páginas | ||
| 500 | |a Colección Alforja | ||
| 520 | 3 | |a El documento consiste en la recopilación de trabajos en torno a la política de América Latina, con respecto a las manifestaciones de la resistencia popular y por la multidireccional política de los Estados Unidos. | |
| 650 | 1 | 0 | |9 243 |a ESTADO |
| 650 | 4 | |9 2661 |a FMI | |
| 650 | 1 | 0 | |9 2097 |a SOCIALISMO |
| 650 | 1 | 0 | |9 143 |a ECONOMIA |
| 650 | 1 | 0 | |9 83 |a DEMOCRACIA |
| 651 | 1 | 0 | |9 17 |a AMERICA LATINA |
| 651 | 1 | 0 | |9 387 |a BRASIL |
| 651 | 4 | |9 1928 |a EL SALVADOR | |
| 651 | 1 | 0 | |9 135 |a CHILE |
| 942 | |2 ddc |c LI |h 04.03.01 P493e |i 17830 |6 040301_P493E_17830 | ||
| 999 | |c 18945 |d 18945 | ||



